| 000 | 00978nam a2200265Ia 4500 | ||
|---|---|---|---|
| 003 | OSt | ||
| 005 | 20221005111255.0 | ||
| 006 | a|||||r|||| 00| 0 | ||
| 007 | ta | ||
| 008 | 221004b |||||||| |||| 00| 0 hin d | ||
| 020 |
_a8181435877 (hbk) _c250 |
||
| 024 | _a10964 | ||
| 037 |
_b329, 20/03/2014, Vani Prakashan _cTextual |
||
| 040 |
_aCRL _cCRL _bhin |
||
| 041 |
_2hin _ahin |
||
| 082 | _aU8.559G, 152P6 | ||
| 100 | _aजोशी, मनोहर श्याम | ||
| 245 | 0 | _aपश्चिमी जर्मनी पर उड़ती नज़र | |
| 246 | _aPashchimī jarmanī par uड़tī naज़ra | ||
| 260 |
_aनई दिल्ली _bवाणी प्रकाशन भारत _c2010 |
||
| 300 |
_a119पृ0 _ccm. |
||
| 650 | _aभारतीय-भूगोल | ||
| 942 |
_hU8.559G, 152P6 _cTEXL _2cc |
||
| 999 |
_c1021338 _d1021338 |
||